000 00474cam a22001575a 4500
001 J100840
008 000000s1922 xxk 000 0 eng u
035 _a(Sirsi) u100840
110 _aSurveyors' Institution
_93783
245 _aExaminations. Syllabus of subjects and examples of papers set at preliminary and professional examinations. June 1922.
260 _c1922
300 _a132p.
651 4 _aUnited Kingdom
_y
690 _aBusiness and management
942 _n0
999 _c99870
_d99870